| 000 | 00000nam 2200000zi 4500 |
| 001 | 9.940857 |
| 003 | CaOODSP |
| 005 | 20250107144100 |
| 006 | m o d f |
| 007 | cr cn||||||||| |
| 008 | 240722t20092009oncd obs f000 0 eng d |
| 040 | |aCaOODSP|beng|erda|cCaOODSP |
| 043 | |an-cn--- |
| 086 | 1 |aCS85-002/29-2E-PDF |
| 100 | 1 |aCharron, Mathieu, |eauthor. |
| 245 | 10|aAging of justice personnel / |cby Mathieu Charron, Racha Nemr and Roxan Vaillancourt. |
| 264 | 1|aOttawa : |bStatistics Canada = Statistique Canada, |c2009. |
| 264 | 4|c©2009 |
| 300 | |a1 online resource (25 pages) : |bgraphs. |
| 336 | |atext|btxt|2rdacontent |
| 337 | |acomputer|bc|2rdamedia |
| 338 | |aonline resource|bcr|2rdacarrier |
| 490 | 1 |aJuristat, |x1209-6393 ; |vVol. 29, no. 1 |
| 500 | |a"March 2009." |
| 500 | |aIssued also in French under title: Vieillissement des travailleurs dans les professions de la justice. |
| 504 | |aIncludes bibliographical references (pages 24-25). |
| 520 | |a"With the large cohort of baby boomers reaching retirement age, Canada's ability to maintain its labour force could be compromised. The purpose of this paper is to provide a demographic portrait of justice-related occupations and their evolution between 1991 and 2006"--Page 6. |
| 650 | 0|aJustice, Administration of|zCanada|vStatistics. |
| 650 | 0|aAge and employment|zCanada|vStatistics. |
| 650 | 0|aAge distribution (Demography)|zCanada|vStatistics. |
| 655 | 7|aStatistics|2lcgft |
| 710 | 2 |aStatistics Canada, |eissuing body. |
| 775 | 08|tVieillissement des travailleurs dans les professions de la justice / |w(CaOODSP)9.940871 |
| 830 | #0|aJuristat,|x1209-6393 ; |vVol. 29, no. 1.|w(CaOODSP)9.936876 |
| 856 | 40|qPDF|s464 KB|uhttps://publications.gc.ca/collections/collection_2024/statcan/85-002-x/CS85-002-29-2-eng.pdf |
| 856 | 4 |qHTML|sN/A|uhttps://www150.statcan.gc.ca/n1/pub/85-002-x/2009001/article/10782-eng.htm |
| 986 | |a85-002-X |